25 most populated cities in Cantabria - Statistics

General Stats
  • This quiz has been taken 71 times
  • The average score is 10 of 25
Answer Stats
Pop. Municipality % Correct
184 k Santander
100%
55.3 k Torrelavega
88%
32.5 k Castro Urdiales
80%
13.1 k Laredo
74%
10.5 k Reinosa
70%
11.6 k Santoña
64%
4.46 k San Vicente de la Barquera
60%
15.6 k El Astillero
56%
7.97 k Cabezón de la Sal
54%
31.6 k Camargo
46%
7.12 k Suances
46%
10.0 k Santa Cruz de Bezana
42%
4.02 k Santillana del Mar
42%
11.0 k Los Corrales de Buelna
34%
24.1 k Piélagos
32%
6.93 k Medio Cudeyo
20%
7.24 k Colindres
18%
5.00 k Marina de Cudeyo
16%
3.98 k Cartes
14%
7.11 k Santa María de Cayón
14%
4.05 k Ribamontán al Mar
12%
3.87 k Miengo
10%
3.91 k Polanco
8%
7.43 k Reocín
8%
3.97 k Campoo de Enmedio
6%
No matching quizzes found
Score Distribution
Percent of People with Each Score
Percentile by Number Answered
Your Score History
You have not taken this quiz